000 00535cam a2200193 4500
008 090401t1991 xxu||||| |||| 00| 0 eng d
020 _a011014032X
035 _a(Sirsi) u58249
041 _aeng
245 _aEstate Agents (Undesirable Practices) (No 2) Order 1991
260 _bHMSO
_c1991
300 _a4p
350 _a0
490 _aSI
_v1991:1032
520 _aMade in 19 April 1991. Came into force 29 July 1991.
690 _aMANAGEMENT-BUSINESS MANAGEMENT-PROFESSIONAL PRACTICE
942 _n0
948 _c04/03/1997
999 _c94045
_d94045